000 00240nam a2200097Ia 4500
001 679561
005 20250826161058.0
008 250824s9999 xx 000 0 und d
245 0 _aHIZLI TOSBİ
_cİSMET BERTAN
260 _bGÜNIŞIĞI YAYINLARI
999 _c679561
_d679561